<?xml version="1.0" encoding="UTF-8"?>
<collection xmlns="http://www.loc.gov/MARC21/slim">
 <record>
  <leader>00626pamaa2200181   4500</leader>
  <controlfield tag="001">0000053991</controlfield>
  <controlfield tag="005">20160928090000.0</controlfield>
  <controlfield tag="008">160928s2014                       </controlfield>
  <datafield tag="020" ind1="0" ind2="0">
   <subfield code="a">9787513220378 (pbk) </subfield>
  </datafield>
  <datafield tag="090" ind1="0" ind2="0">
   <subfield code="a">RS131.64 </subfield>
   <subfield code="b">ZHA 2014</subfield>
  </datafield>
  <datafield tag="245" ind1="1" ind2="0">
   <subfield code="a">Zhang Xi Chun = </subfield>
   <subfield code="l">Classic prescription's usage  </subfield>
   <subfield code="c">Zhang xi Chun Huo Yong Fung Lun  </subfield>
   <subfield code="c">Zhang xi Chun Huo Yong Fung Lun  </subfield>
   <subfield code="c">Lv Zhi Jie.</subfield>
  </datafield>
  <datafield tag="260" ind1="0" ind2="0">
   <subfield code="a">Beijing: </subfield>
   <subfield code="b">China Press of Traditional Chinese Medicine, </subfield>
   <subfield code="c">2014.</subfield>
  </datafield>
  <datafield tag="300" ind1=" " ind2=" ">
   <subfield code="a">250p: </subfield>
   <subfield code="b">ill.; </subfield>
   <subfield code="c">24 cm.</subfield>
  </datafield>
  <datafield tag="501" ind1="0" ind2="0">
   <subfield code="a">TCM</subfield>
  </datafield>
  <datafield tag="650" ind1="0" ind2="0">
   <subfield code="a">Prescription </subfield>
  </datafield>
  <datafield tag="650" ind1="0" ind2="0">
   <subfield code="a">Medicine, Chinese -- </subfield>
   <subfield code="x">Usage </subfield>
  </datafield>
  <datafield tag="700" ind1="1" ind2="0">
   <subfield code="a">Lv Zhi Jie </subfield>
  </datafield>
  <datafield tag="901" ind1=" " ind2=" ">
   <subfield code="u">http://www.cptcm.com</subfield>
  </datafield>
 </record>
</collection>
